Vzdelanie a ekonomický rozvoj: komparácia vo vybranom regióne diplomová práca

Enregistré dans:
Détails bibliographiques
Auteur principal: Gašparíková, Vanesa
Collectivité auteur: Fakulta medzinárodných vzťahov EU. Katedra medzinárodných ekonomických vzťahov a hospodárskej diplomacie
Autres auteurs: Kunychka, Mykhaylo, 1990-
Format: Livre
Langue:slovaque
Publié: Bratislava 2020
Tags: Ajouter un tag
Pas de tags, Soyez le premier à ajouter un tag!

MARC

LEADER 00000nbm a2200000 4500
001 0265726
005 20200910110649.7
041 0 |a slo 
044 |a SK 
245 1 0 |a Vzdelanie a ekonomický rozvoj: komparácia vo vybranom regióne  |b diplomová práca  |c Vanesa Gašparíková ; školiteľ: Mykhaylo Kunychka 
264 1 |a Bratislava  |c 2020 
300 |a 77 s. 
100 1 |a Gašparíková, Vanesa 
700 1 |a Kunychka, Mykhaylo, 1990- 
710 2 |a Fakulta medzinárodných vzťahov EU. Katedra medzinárodných ekonomických vzťahov a hospodárskej diplomacie